000 00775nam a2200229 a 4500
001 000048764
005 20201002061405.0
008 190411s2016 dr 000 0 spa d
020 _a9789945886030
040 _aDO-SdBNP
_bspa
_cBNPHU
082 _a616.89156
_bV496c, 2016
100 1 _aVergés, Luis,
_d1962-
_935235
245 1 0 _aConceptos y habilidades básicas en terapia familiar /
_cLuis Vergés.
250 _a2a. ed. rev. y ampl.
260 _aSanto Domingo :
_bBúho,
_c2016.
300 _a444 p. :
_bil. ;
_c22 cm.
500 _aIncluye datos biográficos del autor en las solapas
590 _aInventariado, 2019/LP
650 4 _aPsicoterapía familiar
_935236
650 4 _aFamilia
_xAspectos psicológicos
_91959
910 _aValidado. Control de calidad MFF
999 _c48252
_d48252